000 00432nam a2200157 i 4500
001 142463
003 ES-MaACL
005 20230906200529.0
007 t|
008 071005s1971 sp ||||1| spa d
100 1 _aVillalba, Lorenzo.
_9114942
245 1 0 _aSierra madre
_b: (novela) /
_cLorenzo Villalba.
260 _aJerez :
_b[s.n.],
_c1971 (
_fGráf. Exportador)
300 _a307 p. ;
_c19 cm.
852 _aES-MaACL
_jC-42474
999 _c142463
_d142463